000 00889nam a2200265 i 4500
001 80549
003 ES-MaACL
005 20240419134139.0
007 t|
008 041028s1978 sp |||| | spa d
080 _a821.112.2-14"18"
100 1 _aHölderlin, Friedrich.
_964001
245 1 0 _aPoemas de la locura
_b: precedidos de algunos testimonios de sus contemporáneos /
_cFriedrich Hölderlin ; traducción y notas de Txaro Santoro y José María Alvarez.
250 _aEd. bilingüe.
260 _aPamplona :
_bPeralta,
_c1978.
300 _a160 p. ;
_c21 cm.
490 1 _aPoesía Hiperión ;
_v4
500 _aÍndice.
546 _aTexto paralelo alemán y español.
700 1 _aSantoro, Txaro.
_9103461
700 0 _aAlvarez, José María,
_d1942-
_920651
830 0 _aPoesía Hiperión ;
_v4
_9177326
852 _aES-MaACL
_jA-10188
999 _c80549
_d80549